000 00332nam a2200133Ia 4500
008 100328s9999 xx 000 0 und d
082 _b46803
100 _aबोधे व. बा.
245 _aबुलबुल.
260 _bगौरी
630 _aबुलबुल.
730 _aबुलबुल.
942 _cBOOK
999 _c534715
_d534712